| 000 | 00837cab a2200217 4500 | ||
|---|---|---|---|
| 001 | WB3130-35 | ||
| 008 | 090401t1995 xxu||||| |||| 00| 0 eng d | ||
| 035 | _a(Sirsi) u46035 | ||
| 041 | _aeng | ||
| 245 | _aBreach of local housing authority`s duties | ||
| 260 | _c1995 | ||
| 350 | _a0 | ||
| 490 |
_aTimes _v1 August 1995, 34(1) |
||
| 520 | _aIn "R v Northavon DC, ex parte Palmer", CA 13 July 1995, it was held that breaches of a housing authority`s duties under the Housing Act 1985 ss 62 and 63 to process an application made under part 3 of the Act and to provide temporary accommodation did not give rise to a private law action for damages. Appeal dismissed. | ||
| 650 | _aEVICTION | ||
| 650 | _aHOUSING ACT 1985 | ||
| 650 | _aTEMPORARY ACCOMMODATION | ||
| 690 | _aHOUSING-CASE LAW | ||
| 942 | _n0 | ||
| 948 | _c04/03/1997 | ||
| 999 |
_c29125 _d29125 |
||